000 00332nam a2200145Ia 4500
008 230718s9999 xx 000 0 und d
041 _aEng.
082 _a342.5
_bM. -P
100 _aM. Cocres, Ross
245 0 _aPhodical amuying
260 _aPakistan
_bSweetand. Maxwell
_c1999
300 _a293
650 _aLaw
999 _c26223
_d26223